Tendencias historiográficas del siglo XX

Gorde:
Xehetasun bibliografikoak
Egile nagusia: Aurell, Jaume (Egilea)
Formatua: Liburua
Hizkuntza:gaztelania
Argitaratua: Santiago Globo 2008
Edizioa:1a. ed
Gaiak:
Etiketak: Etiketa erantsi
Etiketarik gabe, Izan zaitez lehena erregistro honi etiketa jartzen!

MARC

LEADER 00000cam a2200000 a 4500
001 UCG2680
003 CL-VaPUC
008 100715e20080400CL |||||||||||||||||spa|d
020 |a 9789568663025 
082 0 4 |a 907.2  |b AUR  |2 21 
100 0 |a Aurell, Jaume  |e author  |9 551210 
245 1 0 |a Tendencias historiográficas del siglo XX 
250 |a 1a. ed 
300 |a Colección Pensamiento Histórico 
942 |c BK 
945 |d 20100715 00:00:00  |a mfarfan 
260 |a Santiago  |b Globo  |c 2008 
650 7 |a HISTORIOGRAFIA SIGLO 20  |2 CL-VaPUC  |9 502305 
650 7 |a CIENCIA DE LA HISTORIA  |2 CL-VaPUC  |9 502306 
583 |a last modification  |c 20180313 09:56:22  |k Rodrigo Vera 
999 |c 341810  |d 341808 
952 |0 0  |1 0  |4 0  |6 907_200000000000000_AUR_2008  |7 0  |8 A  |9 437569  |a BIBHIS  |b BIBHIS  |d 2019-11-22  |i 4696395  |l 4  |m 2  |o 907.2 AUR 2008  |p 4696395  |r 2025-01-20  |s 2024-04-15  |w 2019-11-22  |y BK  |k HIS 
952 |0 0  |1 0  |3 erb  |4 0  |6 907_200000000000000_AUR_2008  |7 0  |8 A  |9 437570  |a BIBHIS  |b BIBHIS  |i 5456029  |l 6  |m 1  |o 907.2 AUR 2008  |p 5456029  |r 2025-01-20  |s 2024-10-15  |w 2019-11-22  |y BK  |z Catalogado en:20180316  |k HIS